| 000 | 01360nam0a2200325 4500 | ||
|---|---|---|---|
| 001 | RU\NLR\BIBL_A\022582896 | ||
| 005 | 20260420050620.0 | ||
| 010 |
_a978-5-00258-468-0 _950 |
||
| 021 |
_aRU _bКН-П-25-027006 _9КН-П-25-2681 |
||
| 035 | _a(NLR Aleph) 022582896 | ||
| 090 |
_a13677465 _c13677465 |
||
| 100 | _a20250709d2025 u y0rusy50 ca | ||
| 101 | 0 | _arus | |
| 102 | _aRU | ||
| 105 | _aa j 000yy | ||
| 181 | 0 |
_ai _bxxxe |
|
| 182 | 0 | _an | |
| 200 | 1 |
_aСемейное право в схемах _eучебное пособие _e[для обучающихся по направлению подготовки 40.03.01 Юриспруденция (бакалавриат), магистрантов, преподавателей] _fЕ. А. Алешина |
|
| 203 |
_aТекст _bвизуальный _cнепосредственный |
||
| 205 | _aИзд. 1-е | ||
| 210 |
_aМосква _cПеро _d2025 |
||
| 215 |
_a156 c. _cил. _d21 |
||
| 320 | _aБиблиогр.: с. 151–155 | ||
| 606 | 1 |
_aСемейное право _jСхемы _yРоссийская Федерация _92086051 _3RU\NLR\AUTH\661262178 |
|
| 686 | 1 | _aХ624я73 | |
| 700 | 1 |
_aАлешина _bЕ. А. _gЕвгения Александровна |
|
| 942 | _cBOOK | ||
| 980 | _aNB | ||